00309nam a2200121Ia 4500008004100000041000800041082001200049100001600061245003400077260003400111300003100145365001100176240624s9999 xx 000 0 und d aeng a823 DAV aDAVIN DELIA aMAO A VERY SHORT INTRODUCTION c2013aNew DelhibOxford India axvi, : 142 : p. : cm. ; 17 cRSb31